000 00387nam a2200157Ia 4500
003 Ost
005 20260225132555.0
008 260225s9999||||xx |||||||||||||| ||und||
040 _cfsic
041 _afre
082 _a440
100 _aVincent Chapaux
_eAuteur
245 0 _aLe Droit international et la question du Sahra occidental /
245 0 _cVincent Chapaux
942 _cكتاب
999 _c34390
_d34390